Statistiques concernant Culture Générale - Série 960

Cliquez ici pour prendre le quiz!

Statistiques générales

  • Ce quiz a été pris 131 fois
  • Le résultat moyen est 6 sur 10

Statistiques - réponses

QuestionRéponse% Correct
On peut me bander, je peux être de cercle, en-ciel ou de triomphe, que suis-je ?arc
100%
Quelle partie du corps humain est appelée familièrement "paluche", "pogne", "pince" ou encore "battoir" ?main
100%
De quel tubercule, la charlotte et la pompadour sont-elles des variétés ?pomme de terre
94%
Dans quel sport s'est illustré le belge Eddy Merckx ?cyclisme
92%
Quelle patte de mammifère à grandes oreilles est supposée porter bonheur ? La patte de ...lapin
89%
Quel réalisateur a mis en scène Cary Grant dans : "La Mort au Trousse" ?Alfred Hitchcock
55%
Dans quel sport s'est illustré Alexander Popov ?natation
48%
Lors du débarquement allié de 1944, quel était le nom de code des plages entre Colleville et Vierville ?Omaha Beach
26%
Quel ouvrage fondamental du judaïsme est constitué par la réunion de la Mishnah et de la Guemarah ?Le Talmud
14%
Quel cinéaste américain réalise “Rio Bravo” en 1959 ?Howard Hawks
9%

Distribution des résultats

Percentile par nombre de réponses

% des personnes avec chaque résultat

Votre développement - résultats

Vous n’avez pas pris ce quiz